Capital Cities of Asia by Letter: S - Statistics

General Stats
  • This quiz has been taken 12 times
  • The average score is 3 of 5
Answer Stats
Hint Answer % Correct
Saudi Arabia Riyadh
86%
South Korea Seoul
86%
Syria Damascus
71%
Singapore Singapore City
57%
Sri Lanka Colombo
29%
No matching quizzes found
Score Distribution
Percent of People with Each Score
Percentile by Number Answered
Your Score History
You have not taken this quiz